|
|
|
|
| LEADER |
00000nas a2200000 a 4500 |
| 001 |
ssj0013179 |
| 003 |
WaSeSS |
| 005 |
20200512172242.0 |
| 006 |
m d |
| 007 |
cr n |
| 008 |
840116d19841997nyuwr pes 0 a0eng c |
| 010 |
|
|
|a sn 84007686
|
| 016 |
7 |
|
|a 010496823
|2 DE-101
|
| 016 |
7 |
|
|a 2068619-5
|2 DE-600
|
| 016 |
7 |
|
|a 56395-X
|2 DE-600
|
| 016 |
7 |
|
|a 9888336
|2 DNLM
|
| 016 |
7 |
|
|a SR0080781
|2 DNLM
|
| 022 |
|
|
|l 0746-8121
|y 0746-8121
|
| 035 |
|
|
|a (WaSeSS)ssj0013179
|
| 040 |
|
|
|a NSD
|b eng
|c NSD
|d HUL
|d NST
|d IUL
|d NSD
|d NST
|d GUA
|d NST
|d WAU
|d NST
|d OCL
|d WAU
|d NSD
|d IUL
|d OCLCQ
|d NSD
|d NLM
|d NSD
|d OCLCQ
|d DEBBG
|d GBVCP
|d OCLCQ
|d OCLCF
|d OCLCO
|d I8M
|d OCLCQ
|d WaSeSS
|
| 042 |
|
|
|a nsdp
|a pcc
|
| 043 |
|
|
|a n-us---
|
| 050 |
1 |
4 |
|a HE7601
|b .T442
|
| 082 |
1 |
0 |
|a 384
|2 11
|
| 130 |
0 |
|
|a CommunicationsWeek (Manhasset, N.Y.)
|
| 210 |
0 |
|
|a CommunicationsWeek
|b (Manhasset N.Y.)
|
| 222 |
|
0 |
|a CommunicationsWeek
|b (Manhasset, N.Y.)
|
| 245 |
1 |
0 |
|a CommunicationsWeek
|h [electronic resource].
|
| 246 |
1 |
7 |
|a Communications week
|
| 260 |
|
|
|a Manhasset, N.Y. :
|b CMP Publications,
|c -©1997.
|
| 310 |
|
|
|a Weekly,
|b <Aug. 19, 1985->
|
| 321 |
|
|
|a Biweekly,
|b <Mar. 12, 1984->
|
| 362 |
1 |
|
|a Began in 1984?
|
| 362 |
0 |
|
|a -no. 678 (Aug. 25, 1997).
|
| 506 |
|
|
|a License restrictions may limit access.
|
| 588 |
|
|
|a Description based on: 003 (Mar. 12, 1984); title from caption.
|
| 650 |
|
0 |
|a Telecommunication
|v Periodicals.
|
| 650 |
|
0 |
|a Telecommunication
|z United States
|v Periodicals.
|
| 650 |
|
7 |
|a Telecommunication.
|2 fast
|0 (OCoLC)fst01145830
|
| 651 |
|
7 |
|a United States.
|2 fast
|0 (OCoLC)fst01204155
|
| 655 |
|
0 |
|a Electronic journals.
|
| 785 |
0 |
0 |
|t InternetWeek
|x 1096-9969
|w (DLC)sn 97047319
|w (OCoLC)37558388
|
| 850 |
|
|
|a AAP
|a CU-S
|a CoU
|a DGW
|a GU
|a IC
|a INS
|a MBU
|a MH-BA
|a MH-SI
|a NN
|a NNC
|a NcD
|a NcRS
|a NcU
|a OU
|a PU
|a PU-W
|a ViBlbV
|a WaU
|
| 856 |
4 |
0 |
|z Full text available from Research Library: 01/02/1995 to 08/25/1997
|u https://search.proquest.com/publication/29877
|